Logo BPK

Biblioteka

Politechniki Koszalińskiej

Kodeks karny : (Rekord nr 29900)

Szczegóły MARC
000 -ETYKIETA REKORDU
podpole kontrolne o stałej długości 00620nam a2200181 i 4500
001 - NUMER KONTROLNY REKORDU
pole kontrolne bg
040 ## - ŹRÓDŁO KATALOGOWANIA
Instytucja, która utworzyła rekord BPK
041 ## - KOD JĘZYKA
Kod języka tekstu pol
080 ## - UNIWERSALNA KLASYFIKACJA DZIESIĘTNA - UKD
UKD 343(438)(094.4)
008 - POLE O STAŁEJ DŁUGOŚCI - DANE KONTROLNE
podpole kontrolne o stałej długości s pl f |000 0 pol
245 #0 - TYTUŁ/ODPOWIEDZIALNOŚĆ
Tytuł Kodeks karny :
Ciąg dalszy tytułu kodeks postępowania karnego : kodeks karny wykonawczy /
Pozostałe elementy strefy tytułu i oznaczenia odpowiedzialności słowo wstępne Marian Cieślak ; oprac. Krzysztof Janczukowicz.
250 ## - STREFA WYDANIA
Oznaczenie wydania Stan prawny na dzień 28 czerwca 1993. Wyd.3.
260 ## - STREFA ADRESU WYDAWNICZEGO
Miejsce wydania Gdańsk :
Nazwa wydawcy/dystrybutora Wydaw. Prawne i Ekonomiczne "Lex",
Data publikacji, dystrybucji/powstania dokumentu 1993.
300 ## - STREFA OPISU FIZYCZNEGO
Objętość 275, [1] s. ;
Rozmiary 21 cm.
700 1# - HASŁO DODATKOWE - NAZWA OSOBOWA
Nazwa osobowa CIEŚLAK, Marian.
700 1# - HASŁO DODATKOWE - NAZWA OSOBOWA
Nazwa osobowa Janczukowicz, Krzysztof.
Określenie związku między hasłem a opisywanym materiałem Oprac
856 ## - LOKALIZACJA I DOSTĘP DO ELEKTRONICZNYCH DOKUMENTÓW ZDALNYCH
Link (URL) http://koha.tu.koszalin.pl/cgi-bin/koha/opac-detail.pl?biblionumber=29900
Tekst linku Katalog online BPK
942 ## - DODATKOWE ELEMENTY (KOHA)
Typ dokumentu Książka
Egzemplarze
Wycofany Status egzemplarza Uszkodzony Dostępność Lokalizacja stała Lokalizacja bieżąca Miejsce przechowywania Sygnatura Kod kreskowy Ostatnio wypożyczono Typ dokumentu
      Dostępny Biblioteka Politechniki Koszalińskiej Biblioteka Politechniki Koszalińskiej Wypożyczalnia BG 36366 01802153 11.02.2013 Książka
© 2023 Biblioteka Politechniki Koszalińskiej :: KOHA